Czech Phrases - Statistics

General Stats
  • This quiz has been taken 9 times
  • The average score is 11 of 20
Answer Stats
Hint Answer % Correct
A VY? (a vi) And you
88%
NE (ne) No
88%
PROSÍM (proseem) Please/You are welcome
88%
ANO (ano) Yes
88%
MLUVÍTE ANGLICKY? (mlooveete anglitskee) Do you speak english
75%
JMENUJI SE... (menooyi se) My name is
75%
Děkuju (dyekooyi) Thank you
75%
DOBRÉ RÁNO (dobrye rano) Good morning
63%
Dobrý den (dobree den) Hello
63%
JAK SE MÁTE? (jak se mahte ) How are you
63%
JAK SE JMENUJETE? (yak se menooyete) What is your name
63%
NA SHLEDANOU (nas-khledanow) Goodbye
50%
jsem dobrý (ysem doh-bree) I am good
50%
jsem z Ameriky (ysem z ah-meh-ree-kee) I am American
38%
DOBRÉ ODPOLEDNE (dobrye odpoledne) Good evening
25%
chtěl bych (khtyel bikh) I would like
25%
Lituji (lituyi) Sorry
25%
jsi krásná (yee-see kraas-nah) You are beautiful
25%
Hurá (hoo-rah) Yay
13%
Kolik to stojí? (koh-leek toh stoh-yee) How much is this
0%
No matching quizzes found
Score Distribution
Percent of People with Each Score
Percentile by Number Answered
Your Score History
You have not taken this quiz